000 00436nam a2200157Ia 4500
008 230312s9999||||xx |||||||||||||| ||und||
020 _a0-8036-1191-9
082 _a612.75
_bLEA-J
100 _aLevangie;Pamela.K
245 0 _aJoint Structure & Function: Comprehensive Analysis
260 _bF.A Davis Company
_aPhiladelphia
_c3
300 _a588
546 _aEng.
650 _aPhysiotherapy
_vJoint Structure & Function
942 _cBK
999 _c9058
_d9058